| 000 | 00387nam a22001697a 4500 | ||
|---|---|---|---|
| 003 | OSt | ||
| 005 | 20220110094336.0 | ||
| 008 | 220110b |||||||| |||| 00| 0 eng d | ||
| 020 | _a8126507705 | ||
| 040 | _cHU | ||
| 082 | _a025.25 | ||
| 100 |
_aKorfhage R. Robert _927322 |
||
| 245 | _aInformation Storage And Retreval | ||
| 260 | _aNew Yok | ||
| 300 | _f349 | ||
| 942 |
_2ddc _cBOOKS _n0 |
||
| 999 |
_c26218 _d26218 |
||